000 00642nam a22001817a 4500
003 UA-OsUOA
001 10263
007 ta
008 20050112b un ||||| |||| 00| 0 ukr d
100 _aБогоявленська Ю.
942 _cSA
040 _aUA-OsUOA
_cUA-OsUOA
_dUA-OsUOA
245 _aПроксеологічні підходи у менеджменті (теоретичне дослідження)
_cЮ. Богоявленська; Ю. Богоявленвька
300 _aС.48-52
955 _a0
773 0 _w0
_tЕкономіка України
_dКиїв
_d2004
_g№12
650 7 _aЕкономічна теорія
_2UDC
999 _c296424
_d296424